000 01296cam a2200301 i 4500
001 000018167
005 20200929165401.0
008 800627s1979 ve b 000 0 spa d
040 _aDO-SdBNP
_bspa
_cLC
_dBNPHU
050 0 0 _aRA644.S6
_bB44 1979
082 _ann*
_bB447
240 1 0 _aReglas que pueden servir a la creacion, forma y primeras funciones de las juntas subalternas de vacuna
245 0 0 _aDos textos de Andres Bello en la junta central de vacuna, Caracas, 1807-1808.
260 _aCaracas :
_bCasa de Bello,
_c1979.
300 _a31 p. ;
_c23 cm.
504 _aIncluye referencias bibliográficas.
610 2 0 _aJunta Central de Vacuna (Venezuela)
_xHistory
_xSources.
_939367
650 0 _aSmallpox
_xVaccination
_zVenezuela
_xHistory
_y19th century
_xSources.
_939368
650 0 _aVaccination
_zVenezuela
_xHistory
_y19th century
_xSources.
_939369
650 0 _aVaccination
_xLaw and legislation
_zVenezuela.
_939370
650 0 _aVaccination
_zVenezuela
_xFinance.
_939371
610 2 0 _aJunta Central de Vacuna (Venezuela)
_939372
700 1 2 _aBello, Andres,
_d1781-1865.
_918145
710 1 _aComisión Nacional para la Celebración del Bicentenario de Don Andres Bello
_96771
710 1 _aFundación la Casa de Bello
_96770
910 _aCatalogación derivada
049 _aBNGR
999 _c17688
_d17688